The noble scholar, jurist, historian


 His Excellency Dr. Abdul Wahhab bin Ibrahim Abu Sulaiman, may Allah have mercy on him.


 He was born in Umm Al-Qura in the year 1356 AH.

تجريد العناية في تحرير أحكام النهاية / (Record no. 1628)

MARC details
000 -LEADER
fixed length control field 01746cam a2200361 i 4500
003 - CONTROL NUMBER IDENTIFIER
control field SA-RiAUC
005 - DATE AND TIME OF LATEST TRANSACTION
control field 20250114074255.0
008 - FIXED-LENGTH DATA ELEMENTS--GENERAL INFORMATION
fixed length control field 241019s2004 su g 00010 ara c
020 ## - INTERNATIONAL STANDARD BOOK NUMBER
International Standard Book Number 9960108872
020 ## - INTERNATIONAL STANDARD BOOK NUMBER
International Standard Book Number 9960108872
024 0# - OTHER STANDARD IDENTIFIER
Standard number or code 1424/5344
040 ## - CATALOGING SOURCE
Original cataloging agency KAPL
Language of cataloging ara
Transcribing agency SA-RiAUC
Description conventions rda
072 #7 - SUBJECT CATEGORY CODE
Subject category code 028
082 04 - DEWEY DECIMAL CLASSIFICATION NUMBER
Classification number 258.4
Assigning agency SA-RiAUC
090 ## - LOCALLY ASSIGNED LC-TYPE CALL NUMBER (OCLC); LOCAL CALL NUMBER (RLIN)
Classification number (OCLC) (R) ; Classification number, CALL (RLIN) (NR) 258.4
Local cutter number (OCLC) ; Book number/undivided call number, CALL (RLIN) ا ب ن ل
100 1# - MAIN ENTRY--PERSONAL NAME
Personal name ابن اللحام، علي بن محمد بن عباس،
Dates associated with a name توفي 803 هجري
Relator term مؤلف.
245 10 - TITLE STATEMENT
Title تجريد العناية في تحرير أحكام النهاية /
Statement of responsibility, etc. أبو الحسن علي بن محمد بن علي بن عباس البعلي الحنبلي المعروف بابن اللحام ؛ تحقيق ناصر بن سعود بن عبد الله السلامة.
246 30 - VARYING FORM OF TITLE
Title proper/short title تحرير أحكام النهاية لمختصر الهداية
264 #1 - PRODUCTION, PUBLICATION, DISTRIBUTION, MANUFACTURE, AND COPYRIGHT NOTICE
Place of production, publication, distribution, manufacture الرياض :
Name of producer, publisher, distributor, manufacturer مكتبة الرشد،
Date of production, publication, distribution, manufacture, or copyright notice 2004
300 ## - PHYSICAL DESCRIPTION
Extent 196 صفحة ؛
Dimensions 24 سم
336 ## - CONTENT TYPE
Content type term نص
Content type code txt
Source rdacontent
Materials specified كتاب
337 ## - MEDIA TYPE
Media type term بدون وسيط
Media type code n
Source rdamedia
338 ## - CARRIER TYPE
Carrier type term مجلد
Carrier type code nc
Source rdacarrier
650 #7 - SUBJECT ADDED ENTRY--TOPICAL TERM
Topical term or geographic name entry element الفقه الحنبلي
Source of heading or term aucsh
650 #7 - SUBJECT ADDED ENTRY--TOPICAL TERM
Topical term or geographic name entry element الفقه الإسلامي
General subdivision مذاهب
Source of heading or term aucsh
700 1# - ADDED ENTRY--PERSONAL NAME
Personal name السلامة، ناصر بن سعود بن عبد الله،
Dates associated with a name 1385 هجري-
Relator term محقق.
700 12 - ADDED ENTRY--PERSONAL NAME
Personal name ابن قدامة، عبد الله بن أحمد،
Dates associated with a name 541-620 هجري
Title of a work مختصر الهداية في الفقه.
700 12 - ADDED ENTRY--PERSONAL NAME
Personal name الكلوذاني، محفوظ بن أحمد بن الحسن،
Dates associated with a name 432-510 هجري
740 02 - ADDED ENTRY--UNCONTROLLED RELATED/ANALYTICAL TITLE
Uncontrolled related/analytical title مختصر الهداية في الفقه.
740 22 - ADDED ENTRY--UNCONTROLLED RELATED/ANALYTICAL TITLE
Uncontrolled related/analytical title الهداية في فروع الفقه الحنبلي.
942 ## - ADDED ENTRY ELEMENTS (KOHA)
Source of classification or shelving scheme Dewey Decimal Classification
Koha item type Books
Suppress in OPAC No
949 ## - LOCAL PROCESSING INFORMATION (OCLC)
a SA-JeALM
d 241019
u mohamedma123
n 1
Holdings
Withdrawn status Lost status Source of classification or shelving scheme Damaged status Not for loan Home library Current library Date acquired Total checkouts Full call number Barcode Date last seen Price effective from Koha item type
    Dewey Decimal Classification     DR AbdElwahab Library DR AbdElwahab Library 10/23/2024   258.4 ا ب ن ل 000002436 10/23/2024 10/23/2024 Books
    Dewey Decimal Classification     DR AbdElwahab Library DR AbdElwahab Library 01/14/2025   258.4 ا ب ن ل 000007562 01/14/2025 01/14/2025 Books